000 01482cam a22003977a 4500
003 CHAP
005 20220329142154.0
008 000127s1999 mx a r 00010 spa d
010 _a79548
011 _a80520
035 _a90971
040 _cCHAP
090 _aTesis
100 0 0 _aBárcenas Argüello, María Luisa.
_913281
245 1 0 _aAcumulación de prolina en raíces de dos cultivares de nopal Opuntia spp. bajo tensión por calor
_c/por María Luisa Barcenas Argüello
260 _aChapingo, Méx. :
_bEl autor,
_c1999
300 _a73 h. :
_bgráfs., cuadros
502 _aTesis (Ing. Agr. en Sistemas Agrícolas de Zonas Aridas) -- UACH. Unidad Regional Universitaria de Zonas Aridas
590 _aALEPH
_b10
_c20130110
_lUCH01
_h1432
590 _aBATCH-UPD
_b10
_c20130110
_lUCH01
_h0528
590 _aBATCH-UPD
_b10
_c20130110
_lUCH01
_h2239
590 _aBATCH-UPD
_b10
_c20130410
_lUCH01
_h0208
590 _aBATCH-UPD
_b10
_c20130914
_lUCH01
_h0648
590 _aCONVERSION
_b10
_c20130109
_lUCH01
_h1344
650 1 4 _aAminoacidos.
_95340
650 1 4 _aCalor
_xEfecto en plantas.
_917573
650 1 4 _aNopal
_xAnálisis.
_981650
650 1 4 _aProlina.
_992399
650 1 4 _aTensión
_xEfecto en plantas.
_9112283
901 _aBK
905 _aLilia Sánchez G.
942 _cFOLL
949 _bBC
_cTES
_d33724000745220
_eTS2
_fc.2
_h34822
_i90971
_sb
949 _bBC
_cTES
_d33724000760575
_eTS2
_fc.3
_h35093
_i90971
_si
949 _bBC
_cTES
_d909711
_eTS1
_h34821
_i90971
_sb
999 _c79548
_d79548